| 000 | 00582nam a22002057a 4500 | ||
|---|---|---|---|
| 003 | OSt | ||
| 005 | 20180116192411.0 | ||
| 008 | 121128t2010 xxu||||| |||| 00| 0 eng d | ||
| 020 | _a9780195399837 | ||
| 040 | _c0 | ||
| 082 | _a720.9 | ||
| 100 | 1 |
_aKostof, Spiro _95989 |
|
| 245 | 1 | 2 |
_aA history of architecture : _bsettings and rituals/ _cSpiro Kostof. |
| 250 | _a2nd. | ||
| 260 |
_aNew York: _bOxford; _c2010. |
||
| 300 |
_a792p. : _bill; _c28 cm. |
||
| 650 |
_aArchitecture _95990 |
||
| 942 |
_2ddc _cBK |
||
| 999 |
_c353561 _d353561 |
||